Phân tích thiết kế hệ thống thông tin Phương pháp & ứng dụng
Quyển sách giới thiệu đến bạn đọc phương pháp luận để phân tích thiết kế hệ thống thông tin thông qua phương pháp Merise.
Đã lưu trong:
| Hovedforfatter: | |
|---|---|
| Andre forfattere: | , |
| Format: | Bog |
| Sprog: | Vietnamese |
| Fag: | |
| Tags: |
Tilføj Tag
Ingen Tags, Vær først til at tagge denne postø!
|
| Thư viện lưu trữ: | Thư viện Trường Đại học Nam Cần Thơ |
|---|
| LEADER | 01782nam a22002537a 4500 | ||
|---|---|---|---|
| 001 | NCT_22498 | ||
| 008 | 171122b xxu||||| |||| 00| 0 vie d | ||
| 999 | |c 1064 |d 1064 | ||
| 020 | |c 69000 | ||
| 082 | |2 22nd ed. |a 004.0151 |b Ph561 | ||
| 100 | 1 | 0 | |a Nguyễn Hồng Phương |e Chủ biên |
| 245 | 1 | 0 | |a Phân tích thiết kế hệ thống thông tin |b Phương pháp & ứng dụng |c Nguyễn Hồng Phương, Huỳnh Minh Đức, Đoàn Thiện Ngân (hiệu đính) |
| 520 | |a Quyển sách giới thiệu đến bạn đọc phương pháp luận để phân tích thiết kế hệ thống thông tin thông qua phương pháp Merise. | ||
| 653 | |a Phân tích thiết kế hệ thống thông tin | ||
| 655 | |a Công nghệ nghệ thông tin | ||
| 700 | 1 | 0 | |a Huỳnh Minh Đức |
| 700 | 1 | 0 | |a Đoàn Thiện Ngân |e Hiệu đính |
| 942 | |2 ddc |c BK | ||
| 952 | |0 0 |1 0 |2 ddc |4 0 |6 004_015100000000000_PH561 |7 0 |9 4012 |a 000001 |b 000001 |d 2017-11-22 |o 004.0151 Ph561 |p MD.01669 |r 2017-11-22 |v 69000.00 |w 2017-11-22 |y BK | ||
| 952 | |0 0 |1 0 |2 ddc |4 0 |6 004_015100000000000_PH561 |7 0 |9 4013 |a 000001 |b 000001 |d 2017-11-22 |o 004.0151 Ph561 |p MD.01671 |r 2017-11-22 |v 69000.00 |w 2017-11-22 |y BK | ||
| 952 | |0 0 |1 0 |2 ddc |4 0 |6 004_015100000000000_PH561 |7 0 |9 4014 |a 000001 |b 000001 |d 2017-11-22 |o 004.0151 Ph561 |p MD.01672 |r 2017-11-22 |v 69000.00 |w 2017-11-22 |y BK | ||
| 952 | |0 0 |1 0 |2 ddc |4 0 |6 004_015100000000000_PH561 |7 0 |9 4015 |a 000001 |b 000001 |d 2017-11-22 |o 004.0151 Ph561 |p MD.01673 |r 2017-11-22 |v 69000.00 |w 2017-11-22 |y BK | ||
| 952 | |0 0 |1 0 |2 ddc |4 0 |6 004_015100000000000_PH561 |7 0 |9 4016 |a 000001 |b 000001 |d 2017-11-22 |o 004.0151 Ph561 |p MD.01677 |r 2018-10-08 |v 69000.00 |w 2017-11-22 |y BK | ||
| 980 | |a Thư viện Trường Đại học Nam Cần Thơ | ||